| 000 | 00375cam a2200145ua 4500 | ||
|---|---|---|---|
| 041 |
_aeng _h |
||
| 082 |
_a828.04 _bWOO/EX |
||
| 100 | _aWood, Frederik T . | ||
| 245 |
_aExercises in literary appreciation / _cFrederik T Wood. _hTextual Documents |
||
| 260 |
_aLondon : _bMcMillon & Co Ltd , _c1966. |
||
| 300 | _a162 ; . | ||
| 504 | _a | ||
| 942 | _cBK | ||
| 999 |
_c4973 _d4973 |
||